| 000 | 00365nam a2200157 4500 | ||
|---|---|---|---|
| 008 | 190521s1994||||xo d | ||
| 100 | 1 |
_aMuhlan Claudia _91126 |
|
| 245 | 1 | 0 | _aBud pokojná, mama! |
| 260 |
_bAdvent Orion _aMartin _c1994 |
||
| 250 | _a1.vydanie | ||
| 300 | _a146s. | ||
| 020 |
_c0 _a8088179089 |
||
| 041 | 1 | _aslo | |
| 044 |
_axo _cSK |
||
| 958 | _aAUL | ||
| 999 |
_c22424 _d22424 |
||